Nāgara Gītā / (Record no. 76309)
[ view plain ]
| 000 -LEADER | |
|---|---|
| fixed length control field | 00612cam a2200217 i 4500 |
| 001 - CONTROL NUMBER | |
| control field | sa 67007036 |
| 003 - CONTROL NUMBER IDENTIFIER | |
| control field | DLC |
| 005 - DATE AND TIME OF LATEST TRANSACTION | |
| control field | 20260227112412.0 |
| 008 - FIXED-LENGTH DATA ELEMENTS--GENERAL INFORMATION | |
| fixed length control field | 850219s1966 ii c 000 0 hino |
| 010 ## - LIBRARY OF CONGRESS CONTROL NUMBER | |
| LC control number | sa 67007036 |
| 040 ## - CATALOGING SOURCE | |
| Original cataloging agency | DLC |
| Transcribing agency | DLC |
| Modifying agency | DLC |
| 041 1# - LANGUAGE CODE | |
| Language code of text/sound track or separate title | hin |
| Language code of original | san |
| 050 00 - LIBRARY OF CONGRESS CALL NUMBER | |
| Classification number | BL1138.62 |
| Item number | .H5 1966 |
| 130 0# - MAIN ENTRY--UNIFORM TITLE | |
| Uniform title | Bhagavadgītā. |
| Language of a work | Hindi. |
| 245 10 - TITLE STATEMENT | |
| Title | Nāgara Gītā / |
| Statement of responsibility, etc. | rūpāntarakāra Baccana. |
| 250 ## - EDITION STATEMENT | |
| Edition statement | [1. saṃskaraṇa]. |
| 260 ## - PUBLICATION, DISTRIBUTION, ETC. | |
| Place of publication, distribution, etc. | Dillī : |
| Name of publisher, distributor, etc. | Rājapāla, |
| Date of publication, distribution, etc. | [1966] |
| 300 ## - PHYSICAL DESCRIPTION | |
| Extent | 178 p. : |
| Other physical details | port. ; |
| Dimensions | 23 cm. |
| 546 ## - LANGUAGE NOTE | |
| Language note | In Hindi; translated from Sanskrit. |
| 700 1# - ADDED ENTRY--PERSONAL NAME | |
| Personal name | Baccana, |
| Dates associated with a name | 1907-2003. |
No items available.